000 00401nam a22001217a 4500
999 _c966
_d966
005 20200820131326.0
008 200820b ||||| |||| 00| 0 eng d
020 _a070558280
040 _cCML
245 _aDeveloping Communication Skills: A Guide for the Classroom Teacher.
_cScott, L.B.
260 _aNew York
_bMcGraw-Hill Book Company
_c1971
942 _2ddc
_cBK
_e1st Edition
_h400
_mSCO